000 00447nab a2200145Ia 4500
003 ES-SlBCS
005 20210601125237.0
008 140529s1976 xxu||||| |||| 00| 0 eng d
041 _aeng
100 1 _aMyers, David B.
_9135522
245 0 0 _aMarx and the Problem of Nihilism
_c David B. Myers
600 1 _aMarx, Karl-Nihilismo
_9155880
773 0 _tPhilosophy and Phenomenological Research
_gvol. 37, 1976, págs. 193-204
_wRev1411
942 _cAR
999 _c527115
_d527115